000 01046nam0a22002651 4500
001 v19\rc\1221299
005 20250617223356.0
035 _a(NLR Aleph) 004383379
090 _a3656336
_c3656336
100 _a20060306e18751875|||y0rusy50 ca
101 0 _arus
102 _aRU
105 _aa z |||||
200 1 _aДвойной переносный пневматический аппарат Ф. Швабе
210 _a[Москва]
_cтип. А.И. Мамонтова и К⁰
_dценз. 1875
215 _a2 с.
_cил.
311 _aИз журн. "Мед. обозрение" - Апрель 1875
488 0 _12001#$aМедицинское обозрение$v1875, апрель
_tМедицинское обозрение
532 1 0 _aДвойной переносный пневматический аппарат Федора Швабе
700 1 _aШвабе
_bФ.Б.
_gФедор Борисович
801 0 _aRU
_bNLR
_gpsbo
801 1 _aRU
_bProSoft-M
_2rusmarc
852 _aNLR
_j18.116.1.297
942 _cBOOK
980 _aNB